| 000 | 00619nam a2200193 a 4500 | ||
|---|---|---|---|
| 005 | 20240924065729.0 | ||
| 008 | 991125s1999 val 000 0 spa u | ||
| 020 | _a8476425740 | ||
| 035 | _aUPN01000039595 | ||
| 049 | _aCG | ||
| 050 | 4 |
_aHB1952 _bM5.6 |
|
| 245 | 0 | 0 |
_aMigraciones e integración social en la diferencia : _binmigrantes para el desarrollo / _cJoan Sifre ... [et al.]. |
| 260 |
_aValencia, Esp. : _bCITMI-CITE : _bNAU Llibres, _c1999. |
||
| 300 | _a60 p. | ||
| 650 | 2 |
_aEmigración e inmigración _92252 |
|
| 650 | 7 |
_aIntegración social _2 _97258 |
|
| 650 | 4 |
_aMIGRACION INTERNA _913707 |
|
| 905 | _aLibro | ||
| 999 |
_c39595 _d39595 |
||